000 00194nam a2200109Ia 4500
100 _a#N/A
942 _cBK
654 _amo zilla
245 _aMozilla Suit
260 _b#N/A
546 _aENGLISH
999 _c23754
_d23754